<?xml version="1.0" encoding="UTF-8"?>
<record
    xmlns:xsi="http://www.w3.org/2001/XMLSchema-instance"
    xsi:schemaLocation="http://www.loc.gov/MARC21/slim http://www.loc.gov/standards/marcxml/schema/MARC21slim.xsd"
    xmlns="http://www.loc.gov/MARC21/slim">

  <leader>01434naa a2200229 i 4500</leader>
  <controlfield tag="001">3597</controlfield>
  <controlfield tag="003">KOSZ 005</controlfield>
  <controlfield tag="005">20180220104438.0</controlfield>
  <controlfield tag="008">150206s2008    pl  n  f     |000  0pol</controlfield>
  <datafield tag="040" ind1=" " ind2=" ">
    <subfield code="c">BPK</subfield>
    <subfield code="d">KOSZ 005/EG</subfield>
  </datafield>
  <datafield tag="080" ind1=" " ind2=" ">
    <subfield code="a">621.791/.795</subfield>
  </datafield>
  <datafield tag="100" ind1="1" ind2=" ">
    <subfield code="a">BORKOWSKI, J&#xF3;zef.</subfield>
    <subfield code="d">1996 - .</subfield>
    <subfield code="b">Politechnika Koszali&#x144;ska - Centrum Niekonwencjonalnych Technologii Hydrostrumieniowych</subfield>
  </datafield>
  <datafield tag="245" ind1="1" ind2="0">
    <subfield code="a">Przydatno&#x15B;&#x107; wysokoci&#x15B;nieniowej strugi cieczy z biomateria&#x142;ami ziarnistymi do stosowania w chirurgii ortopedycznej /</subfield>
    <subfield code="c">J&#xF3;zef Borkowski, Przemys&#x142;aw Borkowski, Janusz Cwanek.</subfield>
  </datafield>
  <datafield tag="500" ind1=" " ind2=" ">
    <subfield code="a">Dane z autopsji.</subfield>
  </datafield>
  <datafield tag="520" ind1=" " ind2=" ">
    <subfield code="a">W artykule om&#xF3;wiono najistotniejsze zagadnienia stosowania wysokoci&#x15B;nieniowej strugi cieczy jako potencjalnego narz&#x119;dzia chirurgicznego. Przedstawiono oryginaln&#x105; metodyk&#x119; bada&#x144;, a tak&#x17C;e cz&#x119;&#x15B;&#x107; przyk&#x142;adowych wynik&#xF3;w.</subfield>
  </datafield>
  <datafield tag="650" ind1=" " ind2="0">
    <subfield code="a">Obr&#xF3;bka wodno-&#x15B;cierna.</subfield>
  </datafield>
  <datafield tag="650" ind1=" " ind2="0">
    <subfield code="a">Biomateria&#x142;y.</subfield>
  </datafield>
  <datafield tag="650" ind1=" " ind2="0">
    <subfield code="a"> Ortopedia.</subfield>
  </datafield>
  <datafield tag="700" ind1="1" ind2=" ">
    <subfield code="a">BORKOWSKI, Przemys&#x142;aw.</subfield>
    <subfield code="d">1996 - 2013.</subfield>
    <subfield code="b">Politechnika Koszali&#x144;ska - Centrum Niekonwencjonalnych Technologii Hydrostrumieniowych</subfield>
  </datafield>
  <datafield tag="773" ind1="0" ind2=" ">
    <subfield code="i">W :</subfield>
    <subfield code="t">Wysokoci&#x15B;nieniowe technologie hydrostrumieniowe / pod red. J&#xF3;zefa A. Borkowskiego, Przemys&#x142;awa J. Borkowskiego. -</subfield>
    <subfield code="d">Koszalin : Wydaw. Uczelniane Politechniki Koszali&#x144;skiej, 2008. -</subfield>
    <subfield code="g">s. 345-354</subfield>
    <subfield code="k">Monografia / Instytut Niekonwencjonalnych Technologii Hydrostrumieniowych ; nr 154</subfield>
  </datafield>
  <datafield tag="942" ind1=" " ind2=" ">
    <subfield code="c">ROZ</subfield>
    <subfield code="2">UKD</subfield>
  </datafield>
  <datafield tag="999" ind1=" " ind2=" ">
    <subfield code="c">3597</subfield>
    <subfield code="d">3597</subfield>
  </datafield>
  <datafield tag="952" ind1=" " ind2=" ">
    <subfield code="0">0</subfield>
    <subfield code="1">0</subfield>
    <subfield code="4">0</subfield>
    <subfield code="7">0</subfield>
    <subfield code="a">BPK</subfield>
    <subfield code="b">BPK</subfield>
    <subfield code="o">90729</subfield>
    <subfield code="y">ROZ</subfield>
  </datafield>
</record>
